Zagraniczni żużlowcy występujący w klubie z Opola - Statystyki

Ogólne statystyki
  • Ten quiz został rozwiązany 75 razy
  • Średni wynik to 30 z 80
Statystyki odpowiedzi
Narodowość Lata startów Odpowiedź % Poprawnych
Niemcy 2017-19 Kevin Woelbert
89%
Dania 1997, 2019-20 Bjarne Pedersen
78%
Dania 2008 Lars Hansen
72%
Dania 2018-20 Mads Hansen
72%
Dania 2017 Patrick Hansen
72%
Słowenia 2002 Matej Ferjan
67%
Australia/Polska 2009 Robert Księżak
67%
Węgry 2002 Robert Nagy
67%
Dania 2000 Hans N. Andersen
61%
Węgry 2003 Norbert Magosi
61%
Ukraina 2011, 14, 16 Andriej Kobrin
56%
Czechy 2005 Bohumil Brhel
56%
Niemcy 2019 Erik Riss
56%
Austria 2006-10 Friedrich Wallner
56%
Ukraina 1996 Igor Marko
56%
Czechy 1994 Jan Holub
56%
Czechy 2009-11 Jan II Holub
56%
Wielka Brytania 1997-99, 2001-02 Sean Wilson
56%
Czechy 1999, 2001 Vaclav Milik
56%
Niemcy 2014 Christian Hefenbrock
50%
Niemcy 2014 Kai Huckenbeck
50%
Czechy 1999 Zdenek Schneiderwind
50%
Austria 1993-95 Andreas Boessner
44%
Rosja 2016-19 Denis Gizatullin
44%
Austria 1992 Franz Leitner
44%
Szwecja 2016 Joel Andersson
44%
Łotwa 1995-96 Nikołaj Kokin
44%
Szwecja 2010-11 Ricky Kling
44%
USA 2001 Sam Ermolenko
44%
Niemcy 1991 Tommy Dunker
44%
Węgry 1991-94 Zoltan Hajdu
44%
Niemcy 2009-10 Max Dilger
39%
Szwecja 2003 Peter I. Karlsson
39%
Węgry 2014 Roland Benko
39%
Australia 2020 Sam Masters
39%
Czechy 1991 Vladimir Kalina
39%
Dania 1999 Hans Clausen
33%
Dania 2005 Henning Bager
33%
Rosja 1992 Igor Dubinin
33%
Finlandia 2008 Juha Hautamaeki
33%
Szwecja 2006-07 Matthias Nilsson
33%
Szwecja 2000 Niklas Klingberg
33%
Rosja 1992 Oleg Wolochow
33%
Czechy 1991 Pavel Karnas
33%
Dania 2007-08 Peter Kildemand
33%
Wielka Brytania 2018 Richard Lawson
33%
Rosja 2000 Rinat Mardanszin
33%
Rosja 2009 Roman Iwanow
33%
Szwecja 2000 Stefan Danno
33%
Dania 1999 Brian Karger
28%
Dania 2008 Brian Lyngso
28%
Wielka Brytania 2018 Charles Wright
28%
Rosja 2009-10 Ilja Bondarenko
28%
Dania 2013 Jesper Monberg
28%
Australia 2011 Justin Sedgmen
28%
Szwecja 2016 Mathias Thornblom
28%
Czechy 1996-98 Pavel Ondrasik
28%
Dania 2020 Rene Bach
28%
Wielka Brytania 1999 Scott Smith
28%
Niemcy 2016 Valentin Grobauer
28%
Czechy 2006 Antonin Galliani
22%
Wielka Brytania 2010-11 Ben Barker
22%
Szwecja 2009-10 Christian Ago
22%
Rosja 2009-11 Igor Kononow
22%
Czechy 2003 Miroslav Fencl
22%
Szwecja 2008 Niklas Larsson
22%
Szwecja 2014 Oliver Berntzon
22%
Czechy 2017 Ondrej Smetana
22%
Wielka Brytania 2001 Roy Morton
22%
Niemcy 2009 Stephan Katt
22%
Niemcy 2014 Steven Mauer
22%
Niemcy 2006 Thomas Stange
22%
Czechy 2008 Lubos Tomicek
17%
Rosja 2012 Witalij Biełousow
17%
Dania 1998 Claus Kristiansen
11%
Rosja 2016 Gleb Czogunow
11%
Dania 2017 Jesper Soegaard
11%
Australia 2011 Travis McGowan
11%
Rosja 2016 Arslan Fajzulin
6%
Dania 2009-10 Ulrich Oestergaard
6%
Nie znaleziono quizów pasujących do podanych kryteriów
Rozkład punktacji
Procent ludzi z każdym wynikiem
Percentyl według liczby udzielonych odpowiedzi
Twoja historia wyników
Nie rozwiązałeś tego quizu